| 000 | 00841nam a2200229Ii 4500 | ||
|---|---|---|---|
| 003 | JO-AjNU | ||
| 008 | 230605s9999||||xx |||||||||||||| ||und|| | ||
| 017 | _a2019/5/2519 | ||
| 020 | _a978-9923-14-048-2 | ||
| 040 |
_aJO-AjNU _bara _erda _cJO-AjNU |
||
| 041 | _aara | ||
| 050 | 1 | 4 | _aPJ6127.U22.2020 |
| 100 | 3 |
_aتاليف عبيدات،احمد ابراهيم بكار, _eauthor _960104 |
|
| 245 | 0 | 0 | _aالاطلس الجامع لقواعد الاملاء العربي |
| 250 | _aالطبعة الاولى | ||
| 264 | 3 | 1 | _aاربد: عالم الكتب الحديث للنشر والتوزيع، 2020 |
| 300 | _a50ص | ||
| 336 |
_atext _btxt _2rdacontent |
||
| 337 |
_aunmediated _bn _2rdamedia |
||
| 338 |
_avolume _bnc _2rdacarrier |
||
| 650 | 4 |
_aاللغة العربية-قواعد الاملاء والهجاء-كتابة _960105 |
|
| 999 |
_aA27085 _c30653 _d30653 |
||